000 00322nam a22001217a 4500
008 160420b xxu||||| |||| 00| 0 eng d
020 _a0130493732
020 _a9780130493736
041 _aeng
080 _a618.2
245 1 0 _aHealth & Physical assessment in nursing:
_cDonita D'Amico; Colleen Barbarito;
942 _2udc
_cBK
999 _c1454
_d1454